000 00441nam a2200181Ia 4500
001 3967
005 20260306145722.0
008 260306t1985||||xx |||||||||||||| ||spa||
041 _aESP
082 _a306
_bK67
100 _aKnudson, S. J.
_eAUT
245 0 _aCulture in retrospect:
_ban introduction to archaeology
260 _c1985
300 _a555 páginas :
_c23 cm.
650 _aGEN
654 _aCHU
942 _cLIB
_dJUS
_fJUS
_2ddc
_n
999 _c3967
_d3967